| 000 | 00628nam a2200205 i 4500 | ||
|---|---|---|---|
| 001 | 130197 | ||
| 003 | ES-MaACL | ||
| 005 | 20231027063027.0 | ||
| 007 | t| | ||
| 008 | 070723s1933 sp ||||1| spa d | ||
| 100 | 1 |
_aZweig, Stefan, _d1881-1942 _9118562 |
|
| 245 | 1 | 0 |
_aMarie Antoinette / _cStefan Zweig ; traduit par Alzir Hella. |
| 250 | _a18e ed. | ||
| 260 |
_aParis : _bBernard Grasset, _c[1933] |
||
| 300 |
_a506 p. ; _c21 cm. |
||
| 600 | 0 | 4 |
_aMarĂa Antonieta _cReina consorte de Luis XVI, Rey de Francia. _976657 |
| 700 | 1 |
_aHella, Alzir. _962433 |
|
| 852 |
_aES-MaACL _jA-1841 |
||
| 999 |
_c130197 _d130197 |
||